000 01058cam a2200301 i 4500
001 50453
003 Mx-PuUPA
005 20251108084506.0
008 140415s2004 sp ado gr 000 0 spa d
017 _aM. 41.352-2004
020 _a8484762211
_qempastado
040 _aMx-PuUPA
_bspa
_cMx-PuUPA
_dMx-PuUPA
_erda
041 0 _aspa
100 1 _917682
_aCastilla, Nicolás,
_eautor
245 1 0 _aInvernaderos de plástico :
_btecnología y manejo /
_cNicolás Castilla
264 1 _aMadrid :
_bMundi-Prensa Libros,
_c©2004
300 _a462 páginas :
_bilustraciones, gráficas, fotografías, diagramas, tablas ;
_c24 cm
336 _2rdacontent
_atexto
_btxt
336 _2rdacontent
_aimagen fija
_bsti
337 _2rdamedia
_asin medio
_bn
338 _2rdacarrier
_avolumen
_bnc
650 2 _2armarc
_aCultivo en invernadero
650 2 _2armarc
_aCubiertas de plástico (Agricultura)
650 2 _2armarc
_aJardinería en invernadero
942 _2ddc
_cLI
_h631.5830286
_iC33
999 _c50453
_d50453